An assessment of the relationship between household food insecurity and domestic conflict generation in Sinazongwe District of Zambia (Record no. 35156)

MARC details
000 -LEADER
fixed length control field 00727nam a2200169 a 4500
008 - FIXED-LENGTH DATA ELEMENTS--GENERAL INFORMATION
fixed length control field 170828s2016 ||||||||||||||||| || u
050 ## - LIBRARY OF CONGRESS CALL NUMBER
Classification number CBU-PG THESIS/DAK
100 ## - MAIN ENTRY--PERSONAL NAME
Personal name Daka, Oliver
245 13 - TITLE STATEMENT
Title An assessment of the relationship between household food insecurity and domestic conflict generation in Sinazongwe District of Zambia
Statement of responsibility, etc. by Oliver Daka
260 ## - PUBLICATION, DISTRIBUTION, ETC.
Place of publication, distribution, etc. Kitwe:
Name of publisher, distributor, etc. Copperbelt University
Date of publication, distribution, etc. 2016
300 ## - PHYSICAL DESCRIPTION
Extent xii, 72p.: ill.
500 ## - GENERAL NOTE
General note Includes References
650 ## - SUBJECT ADDED ENTRY--TOPICAL TERM
Topical term or geographic name entry element FOOD SUPPLY--ZAMBIA
650 ## - SUBJECT ADDED ENTRY--TOPICAL TERM
Topical term or geographic name entry element DOMESTIC CONFLICT--ZAMBIA
650 #0 - SUBJECT ADDED ENTRY--TOPICAL TERM
Topical term or geographic name entry element HUNGER
995 ## - RECOMMENDATION 995 [LOCAL, UNIMARC FRANCE]
-- CBU-MAIN LIBRARY (Kitwe)
-- 1
-- AVAILABLE
-- Aug 28, 2017
-- Copperbelt University
-- University Collection
Holdings
Withdrawn status Lost status Source of classification or shelving scheme Damaged status Not for loan Home library Current library Shelving location Date acquired Total Checkouts Full call number Barcode Date last seen Price effective from Koha item type
          CBU-MAIN LIBRARY, KITWE. CBU-MAIN LIBRARY, KITWE.   11/30/2022   CBU-PG THESIS/DAK B3397 11/30/2022 11/30/2022 MONOGRAPH